1668 1513 1659 1529 1575 1088 1750 1222 1371 1088 1248 1823 1583 1275 1331 1582 1898 1065 1344 1895 1389 1573 1752 1209 1964 1486 1556 1538 1452 1315 1120 1783 1992 1574 1442 1255 1451 1969 1624 1327 1476 1800 1121 1170 1150 1356 1381 1287 1987 1708 1329 1259 1791 1984 1406 1002 1122 1914 1138 1817 1569 1558 1310 1322 1707 1725 1994 1816 1212 1199 1109 1501 1002 1475 1499 1429 1463 1018 1833 1070 1371 1575 1779 1148 1189 1610 1548 1530 1527 1692 1296 1094 1108 1533 1454 1481 1398 1189 1446 BCNSPRNW ULIB Ver.6.0+V

เปลี่ยนเป็นภาษาไทย

Change to English
 แสดงรายละเอียดบรรณานุกรม
  กลับหน้าหลัก

Brief Record : Get Marc (ISO 2709) : E-mail record : QR code < ปิดหน้าต่าง
LEADER : 00000nam 2200000uu 4500
001    13399124800
003     ULIB
008    160324s2016||||th 000 0 eng d
020    ^a9781455772582 Volume 1
060 04 ^aWY150^bL132c V.1
100 1  ^aLaCharity, Linda A
245 10 ^aMedical-surgical nursing :^bpatient-centered collaborative care Vol.1/^cprepared by Linda A. LaCharity, Candice K. Kumagai.
246 14 ^aMedical-surgical nursing : patient-centered collaborative care
250    ^a8th ed.
260    ^aSt. Louis, Mo. :^bElsevier,^c2016.
300    ^a571 pages ;^c28 cm.
650  0 ^aSurgical nursing^xStudy and teaching.
650  0 ^aPatient-centered health care^xStudy and teaching.
700 1  ^aKumagai, Candice K.
700 1  ^aIgnatavicius, Donna D.
700 1  ^aWorkman, M. Linda.
945    ^p3810^l0^i000349
999    ^aเกษร โพธิ์สุวรรณ
รายการนี้ยังไม่มีแท็ก
คุณยังไม่ได้ล็อกอิน คุณสามารถมีกิจกรรมร่วมกับเว็บไซต์ได้ แต่ต้องล็อกอินก่อน ::
  ล็อกอิน

รายการสื่อสารสนเทศ

ลำดับที่ ประเภท เลขเรียก/บาร์โค้ด สถานที่ สถานะ
1. Book การพยาบาล
Book การพยาบาล
WY150 L132c V.1 ฉ.1 
  Barcode: 000349
ห้องสมุดวิทยาเขตสวรรค์ประชารักษ์
►หนังสือทั่วไป
บนชั้น

รายการใกล้เคียง
    ผู้แต่ง [LaCharity, Linda A]

BibComment


ยังไม่เคยถูกคอมเมนท์

คอมเมนท์ทรัพยากรรายการนี้
  คอมเมนท์: Medicalsurgical ..


 Copyright 2026. Bcnsprnw @Library